01253 2200253 4500001002100000005001500021035002000036090000600056020002200062650002200084245009600106264003100202008004100233082000800274084001700282250003500299260005100334300004400385700003000429700003200459520047400491990001800965990001600983INLIS00000000001765420240429092150 a0010-0619017654 28 a978-602-6208-44-6 4aBiografi Pahlawan aSoedirman :bseorang panglima, seorang martir /cPenyunting; Arif Zulkifli, Wahyu Dhyatmika epustakaan Populer Gramedia240429 g 0 ind  a928 aSR 928 SOE s aCetakan pertama, Desember 2012 aJakarta :bKepustakaan Populer Gramedia,c2012 axiii, 153 halaman :bIlustrasi ;c23 cm0 aArif Zulkifliepenyunting0 aWahyu Dhyatmikaepenyunting aKisah tentang Soedirman adalah jilid kedua seri Tokoh Militer yang diangkat dari liputan khusus Majalah Berita Mingguan Tempo November 2012. Serial ini mengupas, menguak, dan membongkar. mitos dan berbagai sisi kehidupan para perwira militer yang dinilai mengubah sejarah. Buku ini menyajikan kisah hidup Soedirman secara lengkap, mulai dari masa kecilnya, pendidikannya, karier militernya, hingga perjuangannya dalam memimpin TNI dalam Perang Kemerdekaan Indonesia. a022314.036498 a52769.65589